| 000 | 00382nam a2200145 a 4500 | ||
|---|---|---|---|
| 001 | 000029931 | ||
| 005 | 20200930055922.0 | ||
| 008 | 110427s1935 dr ac 000 0 spa d | ||
| 040 |
_aDO-SdBNP _bspa _cBNPHU |
||
| 082 |
_axxx _bN964p |
||
| 245 | 0 | 3 |
_aLa nueva patria dominicana : _bsuplemento. |
| 260 |
_aSanto Domingo : _b[s.n], _c1935. |
||
| 300 |
_a131 p. ; _c24 cm. |
||
| 049 | _aBNPD | ||
| 999 |
_c29423 _d29423 |
||